| 000 | 00776nam a2200253 i 4500 | ||
|---|---|---|---|
| 001 | 11600 | ||
| 003 | ES-MaACL | ||
| 005 | 20250818232002.0 | ||
| 007 | t| | ||
| 008 | 921217s1990 sp ||||0| spa d | ||
| 016 | 7 | _zCEN920172965 | |
| 020 | _a84-87191-37-1 | ||
| 040 |
_aCEN _bspa _cCEN |
||
| 080 | _a577.21 | ||
| 245 | 0 | 0 |
_aAspectos moleculares en las patologías metabolico - genéticas / _ccoordinador, José Antonio Lozano Teruel. |
| 260 |
_aMadrid : _bFundación Ramón Areces, _c1990. |
||
| 300 |
_a382 p ; _c24 cm. |
||
| 504 | _aBibliografía. | ||
| 650 | 1 | 4 |
_aGenética molecular. _913064 |
| 700 | 1 |
_aLozano Teruel, José Antonio. _974470 |
|
| 710 | 2 |
_aFundación Ramón Areces _94401 |
|
| 852 |
_aES-MaACL _jL-18959 _bR.123939 |
||
| 999 |
_c11600 _d11600 |
||